[Event "August TNT"]
[Site "Winnipeg CAN"]
[Date "2010.08.24"]
[Round "4.4"]
[White "Pang, Michael"]
[Black "Lin, Justin"]
[Result "1-0"]
[WhiteElo "1706"]
[BlackElo "1512"]
[PlyCount "107"]
[EventDate "2010.08.03"]
[EventType "swiss"]
[EventRounds "4"]
[EventCountry "CAN"]

1. e4 c5 2. Nf3 d6 3. d4 cxd4 4. Nxd4 Nf6 5. Nc3 Qc7 6. Be3 a6 7. f3 Bd7 8. Qd2
e6 9. O-O-O Nc6 10. g4 Nxd4 11. Bxd4 e5 12. Be3 Be6 13. h4 Be7 14. h5 O-O 15.
g5 Nd7 16. Bh3 Nb6 17. g6 h6 18. Bxh6 Nc4 19. Qg2 gxh6 20. gxf7+ Kh8 21. Bxe6
Bg5+ 22. Kb1 Ne3 23. Nd5 Nxg2 24. Nxc7 Rad8 25. Bb3 Nf4 26. Ne6 Nxe6 27. Bxe6
b5 28. b4 Kg7 29. c4 Kf6 30. Bd5 Rb8 31. c5 dxc5 32. bxc5 Rbc8 33. c6 a5 34.
Rd3 b4 35. Rb3 Bd2 36. Rg1 Bc3 37. Rg8 a4 38. Rxc3 bxc3 39. Kc2 Ke7 40. Rxf8
Rxf8 41. Kxc3 Kf6 42. Kb4 Ke7 43. Kxa4 Kd6 44. Kb4 Rb8+ 45. Ka5 Ra8+ 46. Kb5
Kc7 47. a4 Rb8+ 48. Kc4 Kd6 49. a5 Kc7 50. Kc5 Ra8 51. a6 Rb8 52. a7 Ra8 53.
Be6 Rd8 54. Bd7 1-0

[Event "August TNT"]
[Site "Winnipeg CAN"]
[Date "2010.08.24"]
[Round "4.4"]
[White "Reimer, Bruce"]
[Black "Ott, Richard"]
[Result "0-1"]
[WhiteElo "1582"]
[BlackElo "1716"]
[PlyCount "71"]
[EventDate "2010.08.03"]
[EventType "swiss"]
[EventRounds "4"]
[EventCountry "CAN"]

1. c4 c5 2. g3 g6 3. Bg2 Bg7 4. a3 Nc6 5. Nc3 e6 6. e4 d6 7. Nge2 Nf6 8. O-O
O-O 9. d3 Bd7 10. Bg5 Rb8 11. Qd2 a6 12. e5 dxe5 13. Qc1 Nd4 14. Nxd4 cxd4 15.
Ne4 Bc6 16. f4 Bxe4 17. Bxe4 Qb6 18. Bg2 Ng4 19. fxe5 Nxe5 20. Qd2 Nc6 21. b4
f6 22. Bh6 Bxh6 23. Qxh6 Ne5 24. Rad1 Ng4 25. Qh3 Ne3 26. Rde1 f5 27. Rf2 a5
28. b5 a4 29. Rxe3 dxe3 30. Re2 Qd4 31. Qh6 Qxd3 32. Rxe3 Qxc4 33. Bf1 Qd4 34.
Kh1 Qd5+ 35. Bg2 Qd1+ 36. Re1 0-1

[Event "August TNT"]
[Site "Winnipeg CAN"]
[Date "2010.08.24"]
[Round "4.4"]
[White "Swift, Ryne"]
[Black "Green, Jim"]
[Result "1/2-1/2"]
[WhiteElo "1794"]
[BlackElo "1786"]
[PlyCount "62"]
[EventDate "2010.08.03"]
[EventType "swiss"]
[EventRounds "4"]
[EventCountry "CAN"]

1. e4 d6 2. d4 Nf6 3. Nc3 e5 4. dxe5 dxe5 5. Qxd8+ Kxd8 6. Bg5 c6 7. Nf3 Nbd7
8. O-O-O Ke8 9. Bc4 Bb4 10. Rhe1 b5 11. Bf1 Ke7 12. Rd2 Bd6 13. Red1 Bc7 14.
Nh4 Nb6 15. Nf5+ Bxf5 16. exf5 Rad8 17. Rxd8 Rxd8 18. Rxd8 Bxd8 19. Ne4 Nbd5
20. f3 h6 21. Be3 Bb6 22. Bxb6 Nxb6 23. Kd2 Ne8 24. b3 Nd6 25. Nxd6 Kxd6 26. c3
f6 27. Kd3 a6 28. g3 Nd5 29. Be2 Ne7 30. Ke4 Nd5 31. Kd3 Ne7 1/2-1/2

[Event "August TNT"]
[Site "Winnipeg CAN"]
[Date "2010.08.24"]
[Round "4.4"]
[White "Villeneuve, Justin"]
[Black "Li, Henry"]
[Result "0-1"]
[WhiteElo "1248"]
[BlackElo "1388"]
[PlyCount "104"]
[EventDate "2010.08.03"]
[EventType "swiss"]
[EventRounds "4"]
[EventCountry "CAN"]

1. d4 Nf6 2. c4 g6 3. Nc3 d5 4. e3 Bg7 5. Nf3 Bg4 6. Be2 Nc6 7. O-O O-O 8. b3
Re8 9. Bb2 e5 10. dxe5 Nxe5 11. Nxe5 Bxe2 12. Qxe2 Rxe5 13. Rad1 Rh5 14. Rd2
Qd6 15. h3 Rd8 16. Rfd1 c6 17. e4 Qe6 18. exd5 cxd5 19. Qxe6 fxe6 20. cxd5 Nxd5
21. Nxd5 Rhxd5 22. Rxd5 Rxd5 23. Rxd5 exd5 24. Bxg7 Kxg7 25. Kf1 Kf6 26. Ke2
Ke5 27. Ke3 d4+ 28. Kd3 b5 29. a4 a6 30. a5 h5 31. g4 h4 32. b4 g5 33. Ke2 Ke4
34. Kd2 Kf3 35. Kd3 Kxf2 36. Kxd4 Kg3 37. Kc5 Kxh3 38. Kb6 Kxg4 39. Kxa6 h3 40.
Kxb5 h2 41. a6 h1=Q 42. a7 Qb7+ 43. Kc5 Qxa7+ 44. Kb5 Qb7+ 45. Kc5 Kf4 46. b5
g4 47. b6 g3 48. Kb5 g2 49. Kc4 g1=Q 50. Kd3 Qbxb6 51. Kc2 Qge3 52. Kd1 Qbb3#
0-1

[Event "August TNT"]
[Site "Winnipeg CAN"]
[Date "2010.08.24"]
[Round "4.4"]
[White "Zaczek, Jonathan"]
[Black "Nikouline, Alexandre"]
[Result "1-0"]
[WhiteElo "2189"]
[BlackElo "2122"]
[PlyCount "135"]
[EventDate "2010.08.03"]
[EventType "swiss"]
[EventRounds "4"]
[EventCountry "CAN"]

1. e4 c5 2. Nf3 d6 3. d4 cxd4 4. Nxd4 Nf6 5. Nc3 g6 6. Be3 Bg7 7. f3 O-O 8. Bc4
Nc6 9. Qd2 Nd7 10. h4 Nb6 11. Bb3 Na5 12. Qd3 Nxb3 13. axb3 d5 14. Ndb5 a6 15.
Bxb6 Qxb6 16. Nxd5 Qd8 17. Nbc3 e6 18. Nf4 Qc7 19. Nfe2 Rd8 20. Qe3 b5 21. Rc1
Bb7 22. O-O Bf8 23. Kh1 Qe7 24. g3 Rd7 25. Rfd1 Rad8 26. Rxd7 Rxd7 27. Rd1 Qc5
28. Qxc5 Rxd1+ 29. Nxd1 Bxc5 30. Kg2 b4 31. Nf4 a5 32. Nd3 Bb6 33. c3 Ba6 34.
N1f2 f6 35. cxb4 Bxf2 36. Nxf2 axb4 37. Ng4 Kf7 38. e5 f5 39. Nf6 h6 40. Nd7
Bb7 41. Nc5 Bd5 42. Nd3 g5 43. Nxb4 Bxb3 44. Kf2 gxh4 45. gxh4 Ke7 46. Nc6+ Kd7
47. Nd4 Bd5 48. Ke3 Kc7 49. b4 Bc4 50. Kd2 Bd5 51. Kc3 Kb6 52. f4 Kc7 53. Nb5+
Kb6 54. Nd6 Bc6 55. Kd4 h5 56. Nc8+ Kc7 57. Kc5 Bd5 58. Nd6 Bg2 59. b5 Bd5 60.
b6+ Kb8 61. Nb5 Kb7 62. Nc7 Ba2 63. Kd6 Kxb6 64. Nxe6 Kb5 65. Ng7 Bf7 66. Nxf5
Kc4 67. e6 Bg6 68. Ng7 1-0

[Event "Automnal"]
[Site "Sherbrooke CAN"]
[Date "2010.10.22"]
[Round "1"]
[White "Cote, Marcel"]
[Black "Chelkowski, Jan"]
[Result "1-0"]
[WhiteElo "1526"]
[BlackElo "994"]
[PlyCount "67"]
[EventDate "2010.10.22"]
[EventType "swiss"]
[EventRounds "5"]
[EventCountry "CAN"]

1. e4 e5 2. Bc4 h6 3. Nc3 Bc5 4. Qf3 Nf6 5. Nd5 d6 6. Nxf6+ Qxf6 7. Qxf6 gxf6
8. d3 Nc6 9. Bd2 Nb4 10. Bxb4 Bxb4+ 11. c3 Bc5 12. Ne2 Rg8 13. g3 Bg4 14. Kd2
Rb8 15. a4 a5 16. Rab1 c6 17. b4 Bb6 18. h3 Bxe2 19. Kxe2 Rd8 20. bxa5 Bxa5 21.
Rxb7 Rd7 22. Rb3 Ke7 23. Rhb1 Kf8 24. d4 Kg7 25. Kd3 d5 26. exd5 cxd5 27. Bb5
e4+ 28. Ke2 Rc7 29. Rc1 Rgc8 30. Kd2 Kg6 31. Ba6 Re8 32. Rb5 Bxc3+ 33. Rxc3 Ra7
34. Rb6 1-0

[Event "Automnal"]
[Site "Sherbrooke CAN"]
[Date "2010.10.22"]
[Round "1"]
[White "Cournoyer, Dany"]
[Black "Grenier, Gabriel"]
[Result "0-1"]
[WhiteElo "1270"]
[BlackElo "1710"]
[PlyCount "32"]
[EventDate "2010.10.22"]
[EventType "swiss"]
[EventRounds "5"]
[EventCountry "CAN"]

1. d4 d5 2. Nc3 Nf6 3. e3 c5 4. dxc5 e5 5. Bd2 Bxc5 6. a3 Nc6 7. g3 O-O 8. Bg2
d4 9. Ne4 Nxe4 10. Bxe4 dxe3 11. fxe3 Qb6 12. Bxc6 bxc6 13. Nf3 Ba6 14. Bb4
Bxe3 15. Bxf8 Bf2+ 16. Kd2 Qe3# 0-1

[Event "Automnal"]
[Site "Sherbrooke CAN"]
[Date "2010.10.22"]
[Round "1"]
[White "Ouellet-Lahaie, Didier"]
[Black "Viens, Nicolas"]
[Result "1-0"]
[WhiteElo "1760"]
[BlackElo "1373"]
[PlyCount "99"]
[EventDate "2010.10.22"]
[EventType "swiss"]
[EventRounds "5"]
[EventCountry "CAN"]

1. e4 e5 2. Nf3 Nf6 3. Nxe5 d6 4. Nf3 Nxe4 5. d4 d5 6. Bd3 Bg4 7. O-O Nc6 8.
Re1 f5 9. h3 Bh5 10. Bf4 Be7 11. c3 O-O 12. Qb3 Na5 13. Qa4 b6 14. Ne5 Be8 15.
Qc2 c5 16. Nd2 c4 17. Be2 Nc6 18. Ndf3 Nxe5 19. Nxe5 Bh4 20. Rf1 Be7 21. f3 Nd6
22. a4 a5 23. b3 Rc8 24. bxc4 Nxc4 25. Bxc4 dxc4 26. Qa2 Bf6 27. Rfe1 Qd5 28.
Rab1 Bd8 29. Bd2 Bc7 30. Qxc4 Qxc4 31. Nxc4 Bg3 32. Nxb6 Bxe1 33. Bxe1 Rb8 34.
c4 Bxa4 35. Bxa5 Rf6 36. c5 Bc6 37. Rd1 Rd8 38. d5 f4 39. Rd2 Bb5 40. d6 Rf7
41. Nd5 Rdd7 42. Bb6 Rf5 43. Nb4 Rf6 44. Bc7 Rff7 45. Bb6 Rb7 46. Ra2 Rfd7 47.
Ra5 Rxb6 48. cxb6 Bc4 49. Ra8+ Kf7 50. Ra7 1-0

[Event "Automnal"]
[Site "Sherbrooke CAN"]
[Date "2010.10.22"]
[Round "1"]
[White "Tremblay, Manuel"]
[Black "Guo, Forest"]
[Result "0-1"]
[WhiteElo "1398"]
[BlackElo "1860"]
[PlyCount "75"]
[EventDate "2010.10.22"]
[EventType "swiss"]
[EventRounds "5"]
[EventCountry "CAN"]

1. d4 d5 2. Nf3 Nf6 3. c4 e6 4. Nc3 Be7 5. e3 O-O 6. Bd3 a6 7. cxd5 exd5 8. h3
Re8 9. Qc2 Nbd7 10. O-O Bd6 11. Re1 c6 12. Bd2 Nf8 13. Rad1 Qc7 14. e4 dxe4 15.
Nxe4 Nxe4 16. Bxe4 Be6 17. a3 h6 18. Bc3 Rad8 19. d5 Bxd5 20. Bxd5 Rxe1+ 21.
Rxe1 cxd5 22. Qf5 Qd7 23. Qxd7 Rxd7 24. Nd4 f6 25. Nf5 Bc5 26. Bd4 Bxd4 27.
Nxd4 Kf7 28. Kf1 g6 29. Re2 Re7 30. Rxe7+ Kxe7 31. Ke2 Ne6 32. Kd3 Nxd4 33.
Kxd4 Kd6 34. f4 h5 35. h4 a5 36. b4 axb4 37. axb4 Kc6 38. g3 0-1

[Event "Automnal"]
[Site "Sherbrooke CAN"]
[Date "2010.10.22"]
[Round "1"]
[White "Valiquette, Simon"]
[Black "Galindo, Gabriel"]
[Result "1-0"]
[WhiteElo "1658"]
[BlackElo "1202"]
[PlyCount "61"]
[EventDate "2010.10.22"]
[EventType "swiss"]
[EventRounds "5"]
[EventCountry "CAN"]

1. c4 g6 2. g3 Bg7 3. Bg2 e6 4. Nc3 Ne7 5. Nh3 O-O 6. d3 Bxc3+ 7. bxc3 d5 8.
cxd5 Nxd5 9. c4 Ne7 10. Rb1 c6 11. O-O e5 12. Bb2 c5 13. Bxe5 Nbc6 14. Bc3 b6
15. Qd2 Rb8 16. Ng5 Nd4 17. e3 Ne6 18. Ne4 f5 19. Nf6+ Kf7 20. Nxh7 Kg8 21.
Nf6+ Kf7 22. Nd5 Rg8 23. Be5 Nxd5 24. Bxd5 Bb7 25. Bxb8 Qxb8 26. Bxe6+ Kxe6 27.
e4 Rh8 28. exf5+ gxf5 29. Qg5 Rxh2 30. Rfe1+ Kf7 31. Re7+ 1-0

[Event "Automnal"]
[Site "Sherbrooke CAN"]
[Date "2010.10.22"]
[Round "1"]
[White "Volkova, Catherine"]
[Black "Allard dos Santos, Alexandre"]
[Result "0-1"]
[WhiteElo "998"]
[BlackElo "1552"]
[PlyCount "54"]
[EventDate "2010.10.22"]
[EventType "swiss"]
[EventRounds "5"]
[EventCountry "CAN"]

1. d4 Nf6 2. e3 e6 3. Nf3 b6 4. Bd3 Bb7 5. O-O g6 6. Nbd2 Bg7 7. b3 O-O 8. Bb2
d5 9. c4 Nbd7 10. Qc2 c5 11. Rfe1 cxd4 12. exd4 Rc8 13. a4 dxc4 14. Bxc4 Nd5
15. Ne5 N7f6 16. g3 Nb4 17. Qc3 Nfd5 18. Qf3 Nc2 19. Ne4 Nxe1 20. Rxe1 Qe7 21.
Bc1 f6 22. Ng4 h5 23. Nh6+ Kh7 24. h3 Bxh6 25. Bxh6 Kxh6 26. g4 hxg4 27. Qxg4
f5 0-1

[Event "Automnal"]
[Site "Sherbrooke CAN"]
[Date "2010.10.23"]
[Round "2"]
[White "Allard dos Santos, Alexandre"]
[Black "Ouellet-Lahaie, Didier"]
[Result "0-1"]
[WhiteElo "1552"]
[BlackElo "1760"]
[PlyCount "102"]
[EventDate "2010.10.22"]
[EventType "swiss"]
[EventRounds "5"]
[EventCountry "CAN"]

1. e4 c5 2. Nf3 d6 3. d4 cxd4 4. Nxd4 Nf6 5. Nc3 a6 6. Bc4 e6 7. Bb3 Be7 8. O-O
b5 9. Qf3 Qc7 10. a3 O-O 11. Qg3 Re8 12. Bh6 Bf8 13. Bg5 Nbd7 14. Rae1 Bb7 15.
Kh1 Kh8 16. f4 Nc5 17. Bxf6 gxf6 18. Ba2 Be7 19. f5 Rg8 20. Qe3 e5 21. Nf3 Rg7
22. Bd5 Bd8 23. Bxb7 Qxb7 24. Nd5 Nd7 25. Rc1 Nb6 26. Nxb6 Bxb6 27. Qe2 Rag8
28. g3 Rg4 29. Rfe1 d5 30. exd5 Qxd5 31. Rcd1 Qc6 32. Kg2 Rf4 33. c3 Rxf5 34.
Rc1 Rd8 35. Red1 Rxd1 36. Rxd1 e4 37. Nd4 Bxd4 38. Rxd4 e3+ 39. Kg1 Re5 40. c4
bxc4 41. Rxc4 Qd7 42. Rc3 Qe6 43. b4 Re4 44. Rd3 Qe5 45. Rb3 f5 46. a4 f4 47.
gxf4 Qxf4 48. b5 Qg5+ 49. Kh1 Rxa4 50. Qb2+ f6 51. b6 Qe5 0-1

[Event "Automnal"]
[Site "Sherbrooke CAN"]
[Date "2010.10.23"]
[Round "2"]
[White "Cote, Marcel"]
[Black "Tremblay, Manuel"]
[Result "0-1"]
[WhiteElo "1526"]
[BlackElo "1398"]
[PlyCount "64"]
[EventDate "2010.10.22"]
[EventType "swiss"]
[EventRounds "5"]
[EventCountry "CAN"]

1. Nf3 Nf6 2. g3 d5 3. d4 e6 4. Bg2 c5 5. Be3 cxd4 6. Bxd4 Nc6 7. c3 Be7 8.
Nbd2 O-O 9. Qc2 Bd7 10. e4 Nxd4 11. Nxd4 Qc7 12. O-O Bc5 13. N4f3 Bb5 14. c4
dxc4 15. Qc3 Bb6 16. a4 Ba6 17. a5 Bc5 18. e5 Nd5 19. Qc2 c3 20. Ng5 g6 21.
Bxd5 Bxf1 22. bxc3 exd5 23. Kxf1 Qxe5 24. Ngf3 Qc7 25. Qd3 Rad8 26. Nb3 Be7 27.
Qe3 Rfe8 28. Qh6 Bf8 29. Qh3 Qc4+ 30. Kg1 Qxb3 31. Ng5 h6 32. Nf3 Qxc3 0-1

[Event "Automnal"]
[Site "Sherbrooke CAN"]
[Date "2010.10.23"]
[Round "2"]
[White "Guo, Forest"]
[Black "Grenier, Gabriel"]
[Result "1-0"]
[WhiteElo "1860"]
[BlackElo "1710"]
[PlyCount "78"]
[EventDate "2010.10.22"]
[EventType "swiss"]
[EventRounds "5"]
[EventCountry "CAN"]

1. e4 c5 2. Nf3 Nc6 3. Bb5 d6 4. O-O g6 5. c3 Bg7 6. h3 a6 7. Bxc6+ bxc6 8. d4
cxd4 9. cxd4 Bb7 10. Nc3 Nf6 11. Re1 O-O 12. Bf4 Nh5 13. Be3 f5 14. Qb3+ d5 15.
Qxb7 dxe4 16. Qb3+ Kh8 17. Ng5 f4 18. Nf7+ Rxf7 19. Qxf7 fxe3 20. fxe3 e5 21.
Nxe4 exd4 22. Rad1 Qh4 23. Qf3 Re8 24. exd4 Bxd4+ 25. Kh1 Bg7 26. Qg4 Qe7 27.
Qg5 Qe6 28. Rd8 h6 29. Rxe8+ Qxe8 30. Qd2 Qe5 31. b3 Nf4 32. Nd6 Qf6 33. Ne8
Qc3 34. Qxc3 Bxc3 35. Re4 g5 36. Rc4 Ne2 37. Rxc6 Bd4 38. g4 Kh7 39. Nf6+ Kg7
1-0

[Event "Automnal"]
[Site "Sherbrooke CAN"]
[Date "2010.10.23"]
[Round "2"]
[White "Viens, Nicolas"]
[Black "Galindo, Gabriel"]
[Result "0-1"]
[WhiteElo "1373"]
[BlackElo "1202"]
[PlyCount "68"]
[EventDate "2010.10.22"]
[EventType "swiss"]
[EventRounds "5"]
[EventCountry "CAN"]

1. c4 c6 2. d4 e6 3. Nc3 d5 4. e3 Nf6 5. Bd3 Bb4 6. Nf3 Ne4 7. Bd2 Nxd2 8. Qxd2
Nd7 9. a3 Be7 10. cxd5 exd5 11. Qc2 Nf8 12. O-O Bg4 13. Ne5 h5 14. f4 Bc8 15.
Rad1 Bf6 16. e4 Qd6 17. exd5 Bg4 18. Rde1 Be7 19. Qb3 f6 20. Bg6+ Nxg6 21. Nxg6
O-O-O 22. Rxe7 Rd7 23. Rxd7 Qxd7 24. Nxh8 Qe8 25. dxc6 bxc6 26. Nf7 Qe3+ 27.
Kh1 Be6 28. Nd6+ Kd7 29. Rd1 Bxb3 30. Nf5 Qxf4 31. Re1 Qxf5 32. h3 Bd5 33. Re3
Qf1+ 34. Kh2 Qxg2# 0-1

[Event "Automnal"]
[Site "Sherbrooke CAN"]
[Date "2010.10.24"]
[Round "3"]
[White "Chelkowski, Jan"]
[Black "Viens, Nicolas"]
[Result "0-1"]
[WhiteElo "994"]
[BlackElo "1373"]
[PlyCount "32"]
[EventDate "2010.10.22"]
[EventType "swiss"]
[EventRounds "5"]
[EventCountry "CAN"]

1. e4 e5 2. Nf3 Nf6 3. Nc3 d6 4. Bc4 Be7 5. Ng5 O-O 6. d3 Nc6 7. a3 Nd4 8. Rb1
Bg4 9. f3 Bd7 10. h4 h6 11. Nh3 Bxh3 12. gxh3 Nh7 13. Kd2 Bxh4 14. Rg1 Ng5 15.
Rf1 Nxh3 16. Rh1 Qg5+ 0-1

[Event "Automnal"]
[Site "Sherbrooke CAN"]
[Date "2010.10.23"]
[Round "3"]
[White "Cournoyer, Dany"]
[Black "Allard dos Santos, Alexandre"]
[Result "0-1"]
[WhiteElo "1270"]
[BlackElo "1552"]
[PlyCount "50"]
[EventDate "2010.10.22"]
[EventType "swiss"]
[EventRounds "5"]
[EventCountry "CAN"]

1. e4 c5 2. Nf3 d6 3. Bc4 Nf6 4. Nc3 g6 5. d3 Bg7 6. Bg5 h6 7. Bh4 O-O 8. Nd5
Nxd5 9. Bxd5 Bxb2 10. Rb1 Bc3+ 11. Nd2 Nc6 12. O-O Qc7 13. Rb3 Bg7 14. c3 e6
15. Bxc6 Qxc6 16. Nc4 b5 17. Ne3 Bb7 18. Ng4 f5 19. Ne3 d5 20. exd5 exd5 21. d4
cxd4 22. cxd4 g5 23. Nxf5 gxh4 24. Nxh4 Rae8 25. Rb1 a6 0-1

[Event "Automnal"]
[Site "Sherbrooke CAN"]
[Date "2010.10.23"]
[Round "3"]
[White "Grenier, Gabriel"]
[Black "Valiquette, Simon"]
[Result "1/2-1/2"]
[WhiteElo "1710"]
[BlackElo "1658"]
[PlyCount "142"]
[EventDate "2010.10.22"]
[EventType "swiss"]
[EventRounds "5"]
[EventCountry "CAN"]

1. e4 c5 2. Nf3 e6 3. d4 cxd4 4. Nxd4 a6 5. Be2 b5 6. O-O Bb7 7. Nd2 Nc6 8. c3
Nf6 9. Nxc6 dxc6 10. e5 Nd7 11. f4 Qb6+ 12. Kh1 Rd8 13. Qc2 f5 14. exf6 Nxf6
15. Ne4 c5 16. Nxf6+ gxf6 17. Bh5+ Ke7 18. Be3 Rg8 19. Bf3 Bxf3 20. Rxf3 f5 21.
b4 Ke8 22. a4 Qc6 23. axb5 axb5 24. Bxc5 Bxc5 25. bxc5 Qxc5 26. Qe2 Qc4 27. Qc2
Rg7 28. Re1 Kf8 29. Rfe3 Re7 30. Qf2 Rd3 31. Rxd3 Qxd3 32. Qb2 Qc4 33. Qd2 Qd5
34. Qf2 Qd3 35. Qc5 Qd5 36. Qe3 Rc7 37. h3 Rc6 38. Qa7 Rxc3 39. Qxh7 Rc2 40.
Qg6 Ke7 41. h4 b4 42. h5 b3 43. h6 b2 44. Qg7+ Kd6 45. h7 Qd2 46. Qe5+ Kc6 47.
Qxe6+ Kc7 48. Qf7+ Kb6 49. Re6+ Rc6 50. Qxf5 Qxf4 51. Rxc6+ Kxc6 52. Qc2+ Kd7
53. Qd1+ Kc6 54. h8=Q Qc1 55. Qf6+ Kb7 56. Qe7+ Kb8 57. Qe5+ Kb7 58. Qe4+ Kb8
59. Qb1 Qh6+ 60. Kg1 Qe3+ 61. Kf1 Qf4+ 62. Kg1 Qe3+ 63. Kh2 Qf4+ 64. Kh3 Qe3+
65. Qf3 Qh6+ 66. Kg3 Qg5+ 67. Kf2 Qd2+ 68. Kf1 Qc1+ 69. Qd1 Qf4+ 70. Ke1 Qe3+
71. Kf1 Qf4+ 1/2-1/2

[Event "Automnal"]
[Site "Sherbrooke CAN"]
[Date "2010.10.24"]
[Round "4"]
[White "Tremblay, Manuel"]
[Black "Viens, Nicolas"]
[Result "1-0"]
[WhiteElo "1398"]
[BlackElo "1373"]
[PlyCount "47"]
[EventDate "2010.10.22"]
[EventType "swiss"]
[EventRounds "5"]
[EventCountry "CAN"]

1. Nf3 d5 2. d4 Nc6 3. Bf4 Nf6 4. h3 Ne4 5. e3 e6 6. c4 b6 7. cxd5 exd5 8. Bb5
Bd7 9. Qa4 Nb4 10. O-O Bxb5 11. Qxb5+ Qd7 12. Qe2 Be7 13. a3 Nc6 14. Nbd2 f5
15. Rfc1 a6 16. Rc2 Bd6 17. Bxd6 Qxd6 18. Rac1 Na5 19. Rxc7 Nc4 20. Rxg7 Kf8
21. Nxc4 dxc4 22. Rb7 Qc6 23. Rf7+ Kxf7 24. Ne5+ 1-0

[Event "Automnal"]
[Site "Sherbrooke CAN"]
[Date "2010.10.24"]
[Round "5"]
[White "Grenier, Gabriel"]
[Black "Tremblay, Manuel"]
[Result "0-1"]
[WhiteElo "1710"]
[BlackElo "1373"]
[PlyCount "68"]
[EventDate "2010.10.22"]
[EventType "swiss"]
[EventRounds "5"]
[EventCountry "CAN"]

1. e4 c6 2. d4 d5 3. e5 Bf5 4. Nf3 e6 5. Bd3 Bxd3 6. Qxd3 Nd7 7. O-O c5 8. c3
Ne7 9. Bg5 cxd4 10. cxd4 Qb6 11. Nc3 Nf5 12. g4 Ne7 13. Nb5 Nc6 14. a3 a6 15.
Nc3 Be7 16. Rfd1 h5 17. h3 hxg4 18. hxg4 O-O-O 19. b4 Rh3 20. Bxe7 Nxe7 21. b5
a5 22. Na4 Qa7 23. b6 Nxb6 24. Nxb6+ Qxb6 25. Rab1 Qa7 26. Qc2+ Kb8 27. Ng5 Rh4
28. Nxf7 Rxg4+ 29. Kf1 Qa6+ 30. Rd3 Rc8 31. Qd1 Rxd4 32. Ke2 Rxd3 33. Qxd3 Rc2+
34. Ke3 Nf5+ 0-1

[Event "Automnal"]
[Site "Sherbrooke CAN"]
[Date "2010.10.24"]
[Round "5"]
[White "Guo, Forest"]
[Black "Cote, Marcel"]
[Result "1-0"]
[WhiteElo "1860"]
[BlackElo "1526"]
[PlyCount "63"]
[EventDate "2010.10.22"]
[EventType "swiss"]
[EventRounds "5"]
[EventCountry "CAN"]

1. e4 e5 2. Nf3 d6 3. Bc4 Bg4 4. Nc3 c6 5. d3 Be7 6. Bb3 Bh4 7. Be3 Qf6 8. h3
Bxf3 9. Qxf3 Qg6 10. g3 Bd8 11. O-O-O Ba5 12. Ne2 Nd7 13. g4 Bb6 14. Ng3 Bxe3+
15. fxe3 Nc5 16. Rdf1 Nxb3+ 17. axb3 Ne7 18. Nf5 Kd7 19. h4 Raf8 20. g5 Rhg8
21. Rhg1 Qe6 22. h5 h6 23. gxh6 gxh6 24. Ng7 Rxg7 25. Rxg7 f6 26. Qf5 d5 27.
Qxe6+ Kxe6 28. Rh7 Ng8 29. Rxb7 Ra8 30. exd5+ Kxd5 31. Rg1 c5 32. Rbg7 1-0

[Event "Automnal"]
[Site "Sherbrooke CAN"]
[Date "2010.10.24"]
[Round "5"]
[White "Valiquette, Simon"]
[Black "Cournoyer, Dany"]
[Result "1-0"]
[WhiteElo "1658"]
[BlackElo "1270"]
[PlyCount "95"]
[EventDate "2010.10.22"]
[EventType "swiss"]
[EventRounds "5"]
[EventCountry "CAN"]

1. c4 d6 2. g3 c6 3. Bg2 e5 4. Nc3 Be6 5. d3 Be7 6. Nf3 Nf6 7. O-O Qd7 8. Ng5
Bg4 9. h3 Bh5 10. Rb1 h6 11. Nge4 d5 12. Nxf6+ Bxf6 13. cxd5 O-O 14. dxc6 Nxc6
15. g4 Bg6 16. Qa4 Rfd8 17. b3 Rac8 18. Bxc6 Rxc6 19. Ne4 h5 20. Nxf6+ Rxf6 21.
Bg5 Qxa4 22. bxa4 b6 23. Bxf6 gxf6 24. a5 bxa5 25. Rb5 hxg4 26. hxg4 Rd4 27. f3
Ra4 28. Ra1 Kh7 29. Rb7 Kh6 30. Kf2 Kg5 31. Rxa7 Kf4 32. a3 f5 33. gxf5 Kxf5
34. Rc7 Rh4 35. Rac1 Rh2+ 36. Ke3 f6 37. Ra7 a4 38. Rxa4 Kg5 39. Rg4+ Kh5 40.
Rc8 Bh7 41. Rh8 Kh6 42. a4 Rh5 43. a5 e4 44. fxe4 Rxa5 45. Rh4+ Rh5 46. Rxh7+
Kxh7 47. Rxh5+ Kg6 48. Rf5 1-0

[Event "Battle At The Border"]
[Site "Lloydminster CAN"]
[Date "2010.09.04"]
[Round "1.1"]
[White "Nakamura, Hikaru"]
[Black "Blum, Roger"]
[Result "1-0"]
[WhiteElo "2732"]
[BlackElo "1973"]
[PlyCount "37"]
[EventDate "2010.09.04"]
[EventType "swiss"]
[EventRounds "5"]
[EventCountry "CAN"]

1. e4 c5 2. Nc3 Nc6 3. g4 g6 4. d3 Bg7 5. Bg2 e5 6. Nh3 Nge7 7. f4 f5 8. gxf5
exf4 9. Nxf4 O-O 10. O-O gxf5 11. Nh5 Bd4+ 12. Kh1 d6 13. Bg5 Qe8 14. Nd5 Nxd5
15. exd5 Qg6 16. dxc6 Qxg5 17. cxb7 Bxb7 18. Bxb7 Rab8 19. Qf3 1-0

[Event "Battle At The Border"]
[Site "Lloydminster CAN"]
[Date "2010.09.04"]
[Round "1.5"]
[White "Yoos, John"]
[Black "Pedersen, Rick"]
[Result "1-0"]
[WhiteElo "2444"]
[BlackElo "1882"]
[PlyCount "39"]
[EventDate "2010.09.04"]
[EventType "swiss"]
[EventRounds "5"]
[EventCountry "CAN"]

1. e4 d6 2. d4 Nf6 3. Nc3 g6 4. Be3 c6 5. Nf3 Bg4 6. h3 Bxf3 7. Qxf3 Bg7 8. Bc4
Nbd7 9. O-O O-O 10. Rad1 Nxe4 11. Qxe4 d5 12. Nxd5 cxd5 13. Qxd5 Qc7 14. Bb3 a5
15. a4 Rad8 16. Qb5 Kh8 17. c3 Nf6 18. Rfe1 Ne4 19. Bc2 Nf6 20. Bc1 1-0

[Event "Battle At The Border"]
[Site "Lloydminster CAN"]
[Date "2010.09.04"]
[Round "1.6"]
[White "Chaisson, Terry"]
[Black "Gardner, Robert"]
[Result "0-1"]
[WhiteElo "2309"]
[BlackElo "1780"]
[PlyCount "50"]
[EventDate "2010.09.04"]
[EventType "swiss"]
[EventRounds "5"]
[EventCountry "CAN"]

1. e4 d6 2. d4 Nf6 3. Nc3 g6 4. Bg5 Bg7 5. Qd2 O-O 6. O-O-O c6 7. h4 Qa5 8. Kb1
Be6 9. h5 Nxe4 10. Qe3 Nxg5 11. d5 Bxc3 12. dxe6 Bg7 13. exf7+ Nxf7 14. hxg6
hxg6 15. Qxe7 Qb4 16. c3 Bxc3 17. Qe2 Bg7 18. Qc2 Nd7 19. Nf3 Nfe5 20. Rd4 Qc5
21. Qb3+ d5 22. Ng5 Qxd4 23. Be2 Nc4 24. Bxc4 dxc4 25. Qb4 a5 0-1

[Event "Battle At The Border"]
[Site "Lloydminster CAN"]
[Date "2010.09.04"]
[Round "1.7"]
[White "MacKinnon, Keith"]
[Black "Achtemichuk, Chris"]
[Result "1-0"]
[WhiteElo "2318"]
[BlackElo "1730"]
[PlyCount "49"]
[EventDate "2010.09.04"]
[EventType "swiss"]
[EventRounds "5"]
[EventCountry "CAN"]

1. e4 c5 2. Nf3 Nc6 3. d4 cxd4 4. Nxd4 e5 5. Nb5 d6 6. N1c3 a6 7. Na3 Nf6 8.
Bg5 Be7 9. Bxf6 Bxf6 10. Nc4 Nd4 11. Nd5 b5 12. Nce3 Ra7 13. c3 Ne6 14. Nxf6+
Qxf6 15. Qxd6 Rd7 16. Qb4 Bb7 17. Nf5 Ng5 18. f3 g6 19. Ng3 Qf4 20. Rd1 Nxf3+
21. gxf3 Rxd1+ 22. Kxd1 Qxf3+ 23. Be2 Qg2 24. Qd6 Qh3 25. Qxe5+ 1-0

[Event "Battle At The Border"]
[Site "Lloydminster CAN"]
[Date "2010.09.04"]
[Round "1.9"]
[White "Yam, Alex"]
[Black "Danner, Jason"]
[Result "1-0"]
[WhiteElo "2227"]
[BlackElo "1630"]
[PlyCount "57"]
[EventDate "2010.09.04"]
[EventType "swiss"]
[EventRounds "5"]
[EventCountry "CAN"]

1. e4 c5 2. c3 d5 3. exd5 Qxd5 4. d4 Nf6 5. Nf3 Bf5 6. Be3 cxd4 7. cxd4 e6 8.
Nc3 Bb4 9. Qa4+ Nc6 10. Bb5 Bxc3+ 11. bxc3 O-O 12. O-O Ne7 13. Be2 Be4 14. Ne5
Ng6 15. f3 Bf5 16. Bc4 Qd6 17. g4 Nxe5 18. dxe5 Qxe5 19. Bd4 Qf4 20. gxf5 Rac8
21. fxe6 Nh5 22. exf7+ Kh8 23. Rae1 Qg5+ 24. Kh1 Qh4 25. Rg1 Qf4 26. Bd5 Rxf7
27. Re8+ Rxe8 28. Qxe8+ Rf8 29. Qxh5 1-0